Statistics for Capitals of Arab League Countries

Click here to take the quiz!

General Stats

  • This quiz has been taken 72 times
  • The average score is 18 of 22

Answer Stats

CountryCapital% Correct
EgyptCairo
98%
KuwaitKuwait City
92%
TunisiaTunis
92%
SyriaDamascus
92%
JordanAmman
92%
AlgeriaAlgiers
90%
Saudi ArabiaRiyadh
90%
MoroccoRabat
90%
LebanonBeirut
90%
IraqBaghdad
90%
LibyaTripoli
88%
SudanKhartoum
86%
U.A.EAbu Dhabi
86%
BahrainManama
82%
YemenSana'a
80%
QatarDoha
78%
OmanMuscat
76%
DjiboutiDjibouti
73%
SomaliaMogadishu
67%
MauritaniaNouakchott
49%
PalestineRamallah
41%
ComorosMoroni
41%

Score Distribution

Percentile by Number Answered

Percent of People with Each Score

Your Score History

You have not taken this quiz